000 00868nam a2200253Ia 4500
003 OSt
005 20220923220741.0
006 a|||||r|||| 00| 0
007 ta
008 220922b |||||||| |||| 00| 0 hin d
024 _a189,951
037 _cTextual
040 _aARTS
_cARTS
_bhin
041 _2hin
_ahin
082 _aO152,2N465,MS, N2
100 _aमहर्षि, हरि
_9156278
245 0 _aमहाराजा सवाई जयसिंह ऐतिहासिक नाटक
246 _ahinārājā savāī jayasianha aitihāsik nāṭaka
260 _aजयपुर
_b साहित्यागार
_c1992
300 _a112पृ.
_ccm.
650 _aहिन्दी साहित्य
_9156264
942 _hO152,2N465,MS, N2
_cTEXL
_2CC
999 _c342762
_d342762